{"text_format":"3","workbook":"xlsx","n_sheets":6,"sheets":["汇总","A家具","B窗帘","C地毯","D布草","WpsReserved_CellImgList"],"not_rendered":{"images":157},"read":"whole","date_system":"1900"}

{"sheet":"汇总","index":0,"n_rows":8,"n_cols":5,"rows_kept":8,"merged":[[0,0,1,4],[7,2,7,3],[8,0,8,4],[9,0,9,1],[10,0,10,1]]}
["大湾区大学学术交流中心家具、窗帘、地毯、布草采购项目清单"]
[]
["编号\nItem Code","内容\nContent","单位\nUnits","数量\nQuantity","备注\nNotes"]
[1,"家具","件",{"$f":"A家具!K151","v":2797},{"$f":"A家具!M151","v":0}]
[3,"窗帘","组",{"$f":"B窗帘!K27","v":283},{"$f":"B窗帘!N27","v":0}]
[4,"地毯","平方米",{"$f":"C地毯!K11","v":{"v":974.5845,"d":"975"}},{"$f":"C地毯!M11","v":0}]
[5,"布草","组",{"$f":"D布草!K36","v":5726},0]
[8,"总计",{"$f":"SUM(D4:D8)","v":{"v":9780.5845,"d":"9781"}},null,{"$f":"SUM(E4:E7)","v":0}]

{"sheet":"A家具","index":1,"n_rows":152,"n_cols":14,"rows_kept":152,"merged":[[0,0,0,13],[32,2,44,2],[45,2,47,2],[45,4,46,4],[48,2,50,2],[52,2,60,2],[61,2,62,2],[63,2,68,2],[63,13,64,13],[69,2,75,2],[76,2,79,2],[88,2,93,2],[94,2,99,2],[100,2,104,2],[105,2,110,2],[111,2,112,2],[114,2,115,2],[117,2,129,2],[130,2,138,2],[150,0,150,6],[151,0,151,13]]}
["家具清单"]
["序号","楼层","区域","产品名称","参照图","材质","规格(W*D*H)mm","单位","数量","房间数","总数","单价","总价","备注"]
["A1","一层","大堂前台区","单椅",null,"底座进口白蜡木实木框架+榫卯结构+大宝水性环保油漆+实木多层板+高密度回弹海绵+优质面料软包","常规","件",3,1,{"$f":"J3*I3","v":3},null,{"$f":"L3*K3","v":0}]
["A2","一层","大堂休憩区","单人沙发",null,"进口白蜡木+实木框架+榫卯结构+大宝水性环保油漆+实木多层板+蛇形弹簧+高密度回弹海绵+优质面料软包","750*750*H850","件",12,1,12,null,{"$f":"L4*K4","v":0}]
["A3","一层","大堂休憩区","圆几",null,"进口白蜡木+实木框架+大宝水性环保油漆+实木多层板","D600*H450","件",6,1,6,null,0]
["A4","一层","大堂休憩区","圆形沙发",null,"进口白蜡木底座+大宝水性环保油漆+实木框架+实木多层板+蛇形弹簧+高密度回弹海绵+优质面料软包","外直径2200，内柱子950直径，坐深550，高800","组",2,1,2,null,0]
["A5","一层","大堂沙发区","长沙发",null,"进口白蜡木底座+大宝水性环保油漆+实木框架+实木多层板+蛇形弹簧+高密度回弹海绵+优质面料软包","3600*900*H800","件",1,1,1,null,0]
["A6","一层","大堂沙发区","茶几",null,"进口白蜡木底座+大宝水性环保油漆+热压弯板+实木框架+实木多层板+蛇形弹簧+高密度回弹海绵+优质面料软包","D1000*H450","件",1,1,1,null,0]
["A7","一层","大堂沙发区","单人沙发",null,"进口白蜡木底座+大宝水性环保油漆+热压弯板+实木框架+实木多层板+蛇形弹簧+高密度回弹海绵+优质面料软包","750*750*H850","件",2,1,2,null,0]
["A8","一层","大堂摆台区","装饰圆摆台",null,"金属底座+颜色定制+无指纹处理+进口白蜡木+大宝水性环保油漆实木框架+实木多层板","D2200*H900","件",1,1,1,null,0]
["A9","一层","过厅","装饰摆台",null,"进口白蜡木+榫卯结构+大宝水性环保油漆+金属+颜色定制+无指纹处理","2400*450*H900","件",1,1,1,null,0]
["A10","一层","过厅","装饰摆台",null,"进口白蜡木+榫卯结构+大宝水性环保油漆+金属+颜色定制+无指纹处理","2000*450*H900","件",1,1,1,null,0]
["A11","一层","过厅","服务台",null,"进口白蜡木+榫卯结构+大宝水性环保油漆+金属+颜色定制+无指纹处理+灯带","2600*800*H900","件",1,1,1,null,0]
["A12","一层","西餐厅","方桌",null,"天然大理石+封釉+白蜡木山纹+EO级家具板材+大宝水性环保油漆","850*700*H750","件",54,1,54,null,0]
["A13","一层","西餐厅","餐椅",null,"进口白蜡木实木框架+实木多层板+大宝水性环保油漆+高密度回弹海绵+优质面料软包","常规","件",78,1,78,null,0]
["A14","一层","西餐厅","长餐椅",null,"进口白蜡木实木框架+实木多层板+大宝水性环保油漆+高密度回弹海绵+优质面料软包+金属+颜色定制+无指纹处理","7200*650*H900","件",1,1,1,null,0]
["A15","一层","西餐厅","长餐椅",null,"进口白蜡木实木框架+实木多层板+大宝水性环保油漆+高密度回弹海绵+优质面料软包+金属+颜色定制+无指纹处理","2600*650*H900","件",1,1,1,null,0]
["A16","一层","西餐厅","长餐椅",null,"进口白蜡木实木框架+实木多层板+大宝水性环保油漆+高密度回弹海绵+优质面料软包+金属+颜色定制+无指纹处理","6800*650*H900","件",2,1,2,null,0]
["A17","一层","西餐厅","长餐椅",null,"进口白蜡木实木框架+实木多层板+大宝水性环保油漆+高密度回弹海绵+优质面料软包+金属+颜色定制+无指纹处理","4650*650*H900","件",1,1,1,null,0]
["A18","一层","西餐厅","长餐椅",null,"进口白蜡木实木框架+实木多层板+大宝水性环保油漆+高密度回弹海绵+优质面料软包+金属+颜色定制+无指纹处理","7300*650*H900","件",1,1,1,null,0]
["A19","二层","阳台","长沙发",null,"实木多层板+高密度回弹海绵+防水面料软包+金属底座+颜色定制+无指纹处理","2400*900*H800","件",3,1,3,null,0]
["A20","二层","阳台","茶几",null,"进口白蜡木+实木框架+实木多层板+大宝水性环保油漆+石材桌面+封釉+无指纹处理","D1000*H450","件",3,1,3,null,0]
["A21","二层","阳台","单人椅",null,"泰国实木多层板+大宝水性环保油漆+高密度回弹海绵+防水面料软包+金属底座+颜色定制+无指纹处理","750*750*H850","件",6,1,6,null,0]
["A22","二层","宴会厅","会议桌",null,"实木多层板+金属腿","1830*450*H750","件",160,1,160,null,0]
["A23","二层","宴会厅","十人折叠桌",null,"实木多层板+金属腿","D1830*H750","件",35,1,35,null,0]
["A24","二层","宴会厅","钢管椅",null,"实木多层板+高密度回弹海绵+优质面料软包+金属框架","常规","件",350,1,350,null,0,"会议形式可容纳266人，与宴会时椅子共用"]
["A25","二层","宴会厅","单椅",null,"实木多层板+高密度回弹海绵+优质面料软包+金属框架","常规","件",3,1,{"$f":"J27*I27","v":3},null,0]
["A26","二层","接待室","贵宾椅",null,"进口白蜡木+EO实木多层板+大宝水性环保油漆+蛇形弹簧+高密度回弹海绵+优质面料软包","750*750*H850","件",10,1,10,null,0]
["A27","二层","接待室","方几",null,"进口白蜡木+EO实木多层板+榫卯结构+大宝水性环保油漆","500*500*H550","件",7,1,7,null,0]
["A28","二层","接待室","贵宾椅",null,"进口白蜡木+EO实木多层板+大宝水性环保油漆+蛇形弹簧+高密度回弹海绵+优质面料软包","750*750*H850","件",8,1,8,null,0]
["A29","二层","接待室","方几",null,"进口白蜡木+EO实木多层板+榫卯结构+大宝水性环保油漆","500*500*H550","件",7,1,7,null,0]
["A30","三层","接待厅-电梯厅","端景柜",null,"进口白蜡木+EO实木多层板+榫卯结构+大宝水性环保油漆","2100*450*H1000","件",1,1,{"$f":"J32*I32","v":1},null,0]
["A31","三层","中餐厅散座区","4人圆桌",null,"进口白蜡木+实木框架+EO实木多层板+大宝水性环保油漆+天然石材桌面+封釉","D1200*H750","件",14,1,14,null,0]
["A32","三层",null,"椅子1",null,"进口白蜡木实木框架+EO级实木多层板+大宝水性环保油漆+金属脚套+颜色定制+无指纹处理+高密度回弹海绵+优质面料软包","580*500*H800","件",56,1,56,null,0]
["A33","三层",null,"6人圆桌",null,"进口白蜡木实木框架+EO级实木多层板+大宝水性油漆+金属脚套+颜色定制+无指纹处理+高密度回弹海绵+优质面料软包","D1500*H750","件",3,1,3,null,0]
["A34","三层",null,"椅子2",null,"进口白蜡木实木框架+EO级实木多层板+大宝水性环保油漆+金属脚套+颜色定制+无指纹处理+高密度回弹海绵+优质面料软包","580*500*H800","件",18,1,18,null,{"$f":"L36*K36","v":0}]
["A35","三层",null,"端景柜1",null,"金属+颜色定制+进口白蜡木+实木框架+实木多层板+东泰五金","2400*400*H900","件",1,1,1,null,0]
["A36","三层",null,"餐边柜",null,"进口白蜡木+实木框架+EO实木多层板+大宝水性环保油漆+金属+颜色定制+无指纹处理","800*550*H800","件",5,1,5,null,0]
["A37","三层",null,"端景桌",null,"进口白蜡木+榫卯结构+实木框架+实木多层板+大宝水性环保油漆","D1080*H900","件",1,1,1,null,0]
["A38","三层",null,"端景台",null,"进口白蜡木+榫卯结构+实木框架+实木多层板+大宝水性环保油漆","D600*H900","件",2,1,2,null,0]
["A39","三层",null,"方桌",null,"进口白蜡木+榫卯结构+实木框架+实木多层板+大宝水性环保油漆+天然大理石+封釉","700*850*H750","件",10,1,10,null,0]
["A40","三层",null,"椅子3",null,"进口白蜡木+实木框架+实木多层板+大宝水性油漆+高密度回弹海绵+优质面料软包","580*500*H800","件",20,1,20,null,0]
["A41","三层",null,"隔断",null,"综合材质","3400*3400*H1700","件",1,1,1,null,0]
["A42","三层",null,"端景柜2",null,"进口白蜡木+实木框架+实木多层板+大宝水性环保油漆+金属+颜色定制+石材桌面+封釉","1800*400*H900","件",2,1,2,null,0]
["A43","三层",null,"端景柜3",null,"进口白蜡木+实木框架+实木多层板+大宝水性环保油漆+金属+颜色定制+石材桌面+封釉","1600*350*H900","件",2,1,2,null,0]
["A44","三层","中餐厅包厢区","6人圆桌",null,"进口白蜡木+实木框架+大宝水性环保油漆+实木多层板+台面石材桌面+封釉","D1500*H750","件",1,1,1,null,0]
["A45","三层",null,"椅子4",null,"进口白蜡木+实木框架+榫卯结构+实木多层板+高密度回弹海绵+优质面料软包","580*500*H800","件",6,1,6,null,0]
["A46","三层",null,"边柜",null,"金属+颜色定制+进口白蜡木+实木框架+实木多层板+东泰五金","1500*450*H800","件",1,1,1,null,0]
["A47","三层","露台","户外桌",null,"金属框架+颜色定制+石材桌面+封釉","D1500*H750","件",1,1,1,null,0]
["A48","三层",null,"户外椅",null,"实木多层板+高密度回弹海绵+防水面料软包","600*650*H800","件",4,1,4,null,0]
["A49","三层",null,"户外伞",null,"综合材质","常规尺寸","件",1,1,1,null,0]
["A50","三层","包厢区门厅","端景柜",null,"进口白蜡木+大宝水性环保油漆+实木多层板+石材+封釉","2100*450*H1000","件",1,1,1,null,0]
["A51","三层","大包厢18位","大圆桌",null,"进口白蜡木+实木框架+实木多层板+大宝水性环保油漆+岩板台面","D5000*H750","件",1,1,1,null,0,"电动"]
["A52","三层",null,"餐椅",null,"进口白蜡木+实木框架+实木多层板+高密度回弹海绵+优质面料软包","645*625*H800","件",18,1,18,null,0]
["A53","三层",null,"茶桌",null,"进口白蜡木+实木框架+实木多层板+大宝水性环保油漆","2400*900*H750","件",1,1,1,null,0]
["A54","三层",null,"主人椅",null,"进口白蜡木实木框架+榫卯结构+实木多层板+高密度回弹海绵+优质面料软包","645*625*H1100","件",1,1,1,null,0]
["A55","三层",null,"茶椅",null,"进口白蜡木+实木框架+实木多层板+大宝水性环保油漆+高密度回弹海绵+优质面料软包","645*625*H800","件",3,1,3,null,0]
["A56","三层",null,"多人沙发",null,"进口白蜡木实木框架+实木多层板+大宝水性环保油漆+高密度回弹海绵+优质面料软包","2400*900*H800","件",1,1,1,null,0]
["A57","三层",null,"单人沙发",null,"进口白蜡木+实木框架+实木多层板+高密度回弹海绵+优质面料软包","850*800*H800","件",2,1,2,null,0]
["A58","三层",null,"茶几",null,"进口白蜡木+实木框架+实木多层板+大宝水性环保油漆+石材桌面+封釉+无指纹处理","600*600*H450","件",1,1,1,null,0]
["A59","三层",null,"边几",null,"进口白蜡木+实木框架+实木多层板+大宝水性环保油漆+石材桌面+封釉","450*550*H550","件",2,1,2,null,0]
["A60","三层","大包厢户外阳台","户外沙发",null,"进口白蜡木实木框架+实木多层板+大宝水性环保油漆+高密度回弹海绵+防水面料软包","800*850*H800","件",4,1,4,null,0]
["A61","三层",null,"户外茶几",null,"进口白蜡木实木框架+实木多层板+大宝水性环保油漆+石材桌面+封釉","D600*H550","件",2,1,2,null,0]
["A62","三层","中包厢1、2、3（12位）","折叠长桌",null,"实木多层板+金属腿","1830*900*H750","件",1,30,30,null,0,"包厢3围合时用圆桌，自助餐时用长条桌两两组合成长方桌"]
["A63","三层",null,"十二人折叠桌（含转盘）",null,"实木多层板+金属腿","直径2800*H750","件",1,1,1,null,0]
["A64","三层",null,"大圆桌",null,"进口白蜡木实木框架+实木多层板+岩板台面","D2800*H750","件",1,2,2,null,0,"电动"]
["A65","三层",null,"餐椅",null,"进口白蜡木实木框架+实木多层板+高密度回弹海绵+优质面料软包","600*600*H800","件",12,3,36,null,0]
["A66","三层",null,"双人沙发",null,"进口白蜡木实木框架+实木多层板+大宝水性环保油漆+蛇形弹簧+高密度回弹海绵+优质面料软包","1600*850*H800","件",2,3,6,null,0]
["A67","三层",null,"茶几",null,"进口白蜡木实木框架+实木多层板+大宝水性环保油漆","D1000*H450","件",1,3,3,null,0]
["A68","三层","中包厢4（16位）","大圆桌（含转盘）",null,"实木多层板+金属腿","D3200*H750","件",1,1,1,null,0,"包厢4围合时用圆桌，自助餐时用长条桌两两组合成长方桌"]
["A69","三层",null,"餐椅",null,"进口白蜡木实木框架+实木多层板+大宝水性环保油漆+高密度回弹海绵+优质面料软包","600*600*H800","件",16,1,16,null,{"$f":"L71*K71","v":0}]
["A70","三层",null,"双人沙发",null,"进口白蜡木实木框架+实木多层板+大宝水性环保油漆+蛇形弹簧+高密度回弹海绵+优质面料软包","1600*850*H800","件",2,1,2,null,0]
["A71","三层",null,"茶几",null,"进口白蜡木实木框架+实木多层板+大宝水性环保油漆","D1000*H450","件",1,1,1,null,0]
["A72","三层",null,"茶桌",null,"进口白蜡木实木框架+实木多层板+大宝水性环保油漆+金属+颜色定制+无指纹处理","2400*800*H750","件",1,1,1,null,0]
["A73","三层",null,"主人椅",null,"进口白蜡木实木框架+实木多层板+大宝水性环保油漆+高密度回弹海绵+优质面料软包","645*625*H1000","件",1,1,1,null,0]
["A74","三层",null,"茶凳",null,"进口白蜡木实木框架+实木多层板+大宝水性环保油漆+高密度回弹海绵+优质面料软包","常规","件",3,1,3,null,0]
["A75","三层","中包厢4阳台","户外多人沙发",null,"进口柚木实木框架+实木多层板+大宝水性环保油漆+高密度回弹海绵+防水面料软包","3400*850*H800","件",1,1,1,null,0]
["A76","三层",null,"户外单人沙发",null,"进口柚木实木框架+实木多层板+大宝水性环保油漆+高密度回弹海绵+防水面料软包","850*800*H800","件",4,1,4,null,0]
["A77","三层",null,"户外茶几",null,"实木框架+实木多层板","D1400*H450","件",1,1,1,null,0]
["A78","三层",null,"户外边几",null,"金属框架","600*500*H550","件",2,1,2,null,0]
["A79","四层","休息室","上下床",null,"铁","900*2000*H1800","件",18,1,18,null,0]
["A80","四层","休息室","上下床",null,"铁","1200*2000*H1800","件",6,1,6,null,0]
["A81","四层","休息室","衣柜",null,"铁","850*420*H1800","件",40,1,40,null,0]
["A82","四层","休息室","上下床",null,"铁","1500*2000*H1800","件",1,1,1,null,0]
["A83","四层","休息室","书桌",null,"金属","1000*600*H750","件",13,1,13,null,0]
["A84","四层","休息室","书椅",null,"铁","常规","件",14,1,14,null,0]
["A85","四层","休息室","书桌",null,"金属","1800*600*H750","件",1,1,1,null,0]
["A86","四层","休息室","衣架",null,"铁","1500*450*H1550","件",1,1,1,null,0]
["A87","五~十层","02双床房（每层6间）","床头柜",null,"进口桦木+大宝水性环保油漆+台面天然大理石+封釉+抽屉面硬包","500*400*H550","件",1,36,36,null,0]
["A88","五~十层",null,"书桌",{"$f":"_xlfn.DISPIMG(\"ID_1F023F605C2D42F4BC8530C867D8CAAF\",1)","v":"=DISPIMG(\"ID_1F023F605C2D42F4BC8530C867D8CAAF\",1)"},"进口白蜡木+实木框架+实木多层板+大宝水性环保油漆+金属底座+颜色定制+台面天然大理石+封釉","D900*H750","件",1,36,36,null,0]
["A89","五~十层",null,"书椅",null,"进口白蜡木实木框架+实木多层板+榫卯结构+大宝水性环保油漆+高密度回弹海绵+优质面料软包","常规","件",1,36,36,null,0]
["A90","五~十层",null,"多人沙发",null,"进口白蜡木实木框架+实木多层板+大宝水性环保油漆+高密度回弹海绵+优质面料软包","1950*850*H800","件",1,36,36,null,0]
["A91","五~十层",null,"边几",null,"进口白蜡木+实木框架+实木多层板+大宝水性环保油漆","D400*H550","件",1,36,36,null,0]
["A92","五~十层",null,"毛巾架",null,"进口白蜡木+实木框架+榫卯结构+实木多层板+大宝水性环保油漆","900*400*H400","件",1,36,36,null,0]
["A93","五~十层","03大床房（五层10间，六~十层每层12间）","床头柜",null,"进口白蜡木实木框架+实木多层板+大宝水性环保油漆+石材桌面+封釉","500*500*H550","件",2,70,{"$f":"J95*I95","v":140},null,0]
["A94","五~十层",null,"书桌",null,"进口白蜡木+实木框架+实木多层板+大宝水性环保油漆+金属底脚+颜色定制+无指纹处理","1400*700*H750","件",1,70,70,null,0]
["A95","五~十层",null,"书椅",null,"进口白蜡木实木框架+实木多层板+榫卯结构+大宝水性环保油漆+高密度回弹海绵+优质面料软包","常规","件",1,70,70,null,0]
["A96","五~十层",null,"单人沙发",null,"进口白蜡木实木框架+实木多层板+大宝水性环保油漆+高密度回弹海绵+优质面料软包+硬质皮革扶手+金属底脚","680*730*H800","件",1,70,70,null,0]
["A97","五~十层",null,"脚踏",null,"进口白蜡木实木框架+实木多层板+大宝水性环保油漆+高密度回弹海绵+优质面料软包+硬质皮革扶手+金属底脚","500*300*H450","件",1,70,70,null,{"$f":"L99*K99","v":0}]
["A98","五~十层",null,"毛巾架",null,"进口白蜡木+实木框架+榫卯结构+实木多层板+大宝水性环保油漆","900*400*H400","件",1,70,70,null,0]
["A99","五~十层","04残疾人大床房（五层2间）","床头柜",null,"进口白蜡木实木框架+实木多层板+大宝水性环保油漆+石材桌面+封釉","500*500*H550","件",2,2,4,null,0]
["A100","五~十层",null,"书桌",null,"进口白蜡木+实木框架+实木多层板+大宝水性环保油漆+金属底脚+颜色定制+无指纹处理","1400*700*H750","件",1,2,2,null,0]
["A101","五~十层",null,"书椅",null,"进口白蜡木实木框架+实木多层板+榫卯结构+大宝水性环保油漆+高密度回弹海绵+优质面料软包","常规","件",1,2,2,null,0]
["A102","五~十层",null,"单人沙发",null,"进口白蜡木实木框架+实木多层板+大宝水性环保油漆+高密度回弹海绵+优质面料软包+硬质皮革扶手","680*730*H800","件",1,2,2,null,0]
["A103","五~十层",null,"毛巾架",null,"进口白蜡木+实木框架+榫卯结构+实木多层板+大宝水性环保油漆","900*400*H400","件",1,2,2,null,0]
["A104","十一层","02大套间\n客厅","三人沙发",null,"进口白蜡木实木框架+实木多层板+大宝水性环保油漆+蛇形弹簧+高密度回弹海绵+优质面料软包","2100*800*H850","件",1,1,{"$f":"J106*I106","v":1},null,0]
["A105","十一层",null,"双人沙发",null,"进口白蜡木实木框架+实木多层板+大宝水性环保油漆+蛇形弹簧+高密度回弹海绵+优质面料软包","1480*800*H850","件",1,1,1,null,0]
["A106","十一层",null,"单人沙发",null,"金属底座+颜色待定+无指纹处理+进口白蜡木实木框架+实木多层板+高密度回弹海绵+优质面料软包","700*700*H800","件",1,1,1,null,0]
["A107","十一层",null,"茶几",null,"实木框架+实木多层板+大宝水性环保油漆","900*900*H450","件",1,1,1,null,0]
["A108","十一层",null,"电视柜",null,"实木框架+实木多层板+大宝水性环保油漆+东泰五金","1500*300*H700  1200*400*H600","件",1,1,1,null,0]
["A109","十一层",null,"边几",null,"金属+颜色定制+无指纹处理+进口白蜡木实木框架+实木多层板+大宝水性环保油漆+天然大理石+封釉","600*600*H550","件",2,1,2,null,0]
["A110","十一层","02大套间\n餐厅","吧台",null,"实木框架+实木多层板+大宝水性环保油漆","2400*700*H1000","件",1,1,1,null,0]
["A111","十一层",null,"吧椅",null,"金属+颜色定制+无指纹处理+高回弹海绵+高级皮革","D440*H950","件",3,1,3,null,0]
["A112","十一层","02大套间\n卧室1","床头柜",null,"进口白蜡木+实木多层板+大宝水性环保油漆+金属腿+颜色定制+无指纹处理","500*400*H550","件",2,1,2,null,0]
["A113","十一层","02大套间\n卧室2","床头柜",null,"进口白蜡木+实木多层板+大宝水性环保油漆+金属腿+颜色定制+无指纹处理","500*500*H550","件",2,1,2,null,0]
["A114","十一层",null,"电视柜",null,"进口桦木实木框架+大宝水性环保油漆+实木多层板+东泰五金","1400*400*H700","件",1,1,1,null,0]
["A115","十一层","02大套间卫生间","毛巾架",null,"进口白蜡木+实木框架+榫卯结构+实木多层板+大宝水性环保油漆","900*400*H400","件",1,1,1,null,0]
["A116","11层\n(每层3间)","套房1","床头柜",null,"进口白蜡木+实木多层板+大宝水性环保油漆+金属腿+颜色定制+无指纹处理","500*500*H550","件",2,3,{"$f":"J118*I118","v":6},null,0]
["A117","11层\n(每层3间)",null,"书桌",null,"进口白蜡木实木框架+实木多层板+大宝水性油漆+东泰五金","1400*700*H750","件",1,3,3,null,0]
["A118","11层\n(每层3间)",null,"书椅",null,"进口白蜡木实木框架+实木多层板+大宝水性环保油漆+高密度回弹海绵+优质面料软包","常规","件",1,3,3,null,0]
["A119","11层\n(每层3间)",null,"吧台",null,"实木框架+实木多层板+大宝水性环保油漆","2000*500*H1000","件",1,3,3,null,0]
["A120","11层\n(每层3间)",null,"吧椅",null,"金属+颜色定制+无指纹处理+高回弹海绵+高级皮革","D440*H950","件",2,3,6,null,0]
["A121","11层\n(每层3间)",null,"单人沙发",null,"进口白蜡木实木框架+实木多层板+大宝水性环保油漆+高密度回弹海绵+优质面料软包","680*730*H800","件",1,3,3,null,0]
["A122","11层\n(每层3间)",null,"脚踏",null,"进口白蜡木实木框架+实木多层板+高密度回弹海绵+优质面料软包","500*300*H450","件",1,3,3,null,0]
["A123","11层\n(每层3间)",null,"长沙发",null,"进口白蜡木底座+实木框架+实木多层板+大宝水性环保油漆+高密度回弹海绵+优质面料软包","1810*850*H800","件",1,3,3,null,0]
["A124","11层\n(每层3间)",null,"电视柜",null,"进口桦木实木框架+大宝水性环保油漆+实木多层板+东泰五金","1800*400*H700","件",1,3,3,null,0]
["A125","11层\n(每层3间)",null,"单人沙发",null,"进口白蜡木实木框架+实木多层板+大宝水性环保油漆+高密度回弹海绵+优质面料软包","700*700*H800","件",2,3,6,null,0]
["A126","11层\n(每层3间)",null,"茶几",null,"实木框架+实木多层板+大宝水性环保油漆","900*900*H450","件",1,3,3,null,{"$f":"L128*K128","v":0}]
["A127","11层\n(每层3间)",null,"边几",null,"金属+颜色定制+无指纹处理+进口白蜡木实木框架+实木多层板+大宝水性环保油漆+天然大理石+封釉","500*500*H550","件",2,3,6,null,0]
["A128","11层\n(每层3间)",null,"毛巾架",null,"进口白蜡木+实木框架+榫卯结构+实木多层板+大宝水性环保油漆","900*400*H400","件",1,3,3,null,0]
["A129","11层\n(每层4间)","套房2","床头柜",null,"进口白蜡木+实木多层板+大宝水性环保油漆+金属腿+颜色定制+无指纹处理","500*500*H550","件",2,4,{"$f":"J131*I131","v":8},null,0]
["A130","11层\n(每层4间)",null,"吧台",null,"实木框架+实木多层板+大宝水性环保油漆","2000*500*H1000","件",1,4,4,null,0]
["A131","11层\n(每层4间)",null,"吧椅",null,"金属+颜色定制+无指纹处理+高回弹海绵+高级皮革","D440*H950","件",2,4,8,null,0]
["A132","11层\n(每层4间)",null,"长沙发",null,"进口白蜡木实木框架+实木多层板+大宝水性环保油漆+高密度回弹海绵+优质面料软包","1810*850*H800","件",1,4,4,null,0]
["A133","11层\n(每层4间)",null,"电视柜",null,"进口桦木实木框架+大宝水性环保油漆+实木多层板+东泰五金","1800*400*H700","件",1,4,4,null,0]
["A134","11层\n(每层4间)",null,"单人沙发",null,"进口白蜡木实木框架+实木多层板+大宝水性环保油漆+高密度回弹海绵+优质面料软包","700*700*H800","件",2,4,8,null,0]
["A135","11层\n(每层4间)",null,"茶几",null,"进口桦木+实木框架+实木多层板+大宝水性环保油漆","900*900*H450","件",1,4,4,null,0]
["A136","11层\n(每层4间)",null,"边几",null,"金属+颜色定制+无指纹处理+进口白蜡木实木框架+实木多层板+大宝水性环保油漆+天然大理石+封釉","500*500*H550","件",2,4,8,null,0]
["A137","11层\n(每层4间)",null,"毛巾架",null,"进口白蜡木+实木框架+榫卯结构+实木多层板+大宝水性环保油漆","900*400*H400","件",1,4,4,null,0]
["A138","12-18层(每层8间)","公寓","床头柜",null,"进口白蜡木+实木多层板+大宝水性环保油漆+金属腿+颜色定制+无指纹处理","500*500*H550","件",2,56,112,null,0]
["A139","12-18层(每层8间)","公寓","电视柜",null,"进口桦木实木框架+大宝水性环保油漆+实木多层板+东泰五金","1800*400*H700","件",1,56,56,null,0]
["A140","12-18层(每层8间)","公寓","书桌",null,"进口白蜡木+实木框架+实木多层板+大宝水性油漆+东泰五金","1400*700*H750","件",1,56,56,null,0]
["A141","12-18层(每层8间)","公寓","书椅",null,"进口白蜡木+实木框架+实木多层板+大宝水性油漆+高密度回弹海绵+优质面料软包","常规","件",1,56,56,null,0]
["A142","12-18层(每层8间)","公寓","餐桌",null,"进口桦木实木框架+实木多层板+大宝水性环保油漆+石材桌面+天然大理石+封釉+定制金属+颜色待定","1500*700*H750","件",1,56,56,null,0]
["A143","12-18层(每层8间)","公寓","餐椅",null,"实木框架+实木多层板+金属+颜色待定+无指纹处理+高密度回弹海绵+优质面料软包","常规","件",4,56,224,null,0]
["A144","12-18层(每层8间)","公寓","长沙发",null,"进口白蜡木+实木框架+实木多层板+大宝水性环保油漆+高密度回弹海绵+优质面料软包","2100*850*H800","件",1,56,56,null,0]
["A145","12-18层(每层8间)","公寓","单人沙发",null,"金属底座+颜色待定+无指纹处理+进口白蜡木实木框架+实木多层板+高密度回弹海绵+优质面料软包","700*700*H800","件",1,63,{"$f":"J147*I147","v":63},null,0,"每层有1个房间为2件"]
["A146","12-18层(每层8间)","公寓","茶几",null,"进口桦木+实木框架+实木多层板+大宝水性环保油漆","900*900*H450","件",1,56,56,null,0]
["A147","12-18层(每层8间)","公寓","边几",null,"进口桦木+实木框架+实木多层板+大宝水性环保油漆+五金+大宝水性环保油漆","500*500*H550","件",1,63,63,null,0,"每层有1个房间为2件"]
["A148","12-18层(每层1间)","公寓","长凳",null,"进口白蜡木+实木框架+实木多层板+大宝水性油漆+高密度回弹海绵+优质面料软包","1200*550*H450","件",1,8,8,null,0,"每层有1个房间有1件"]
["合计",{"$nulls":9},{"$f":"SUM(K3:K150)","v":2797},null,{"$f":"SUM(M3:M150)","v":0}]
["说明:1、清单尺寸为施工图测量尺寸，实际尺寸会根据现场实际测量尺寸进行调整，以最终摆放尺寸为准。2、上述各产品的款式、材质、规格、数量等供参考，投标人需按采购人结合现场情况和经营需要最终确定的产品、数量生产、供货。"]

{"sheet":"B窗帘","index":2,"n_rows":28,"n_cols":15,"rows_kept":28,"merged":[[0,0,0,14],[6,2,7,2],[8,2,9,2],[12,14,14,14],[18,14,20,14],[26,0,26,6],[27,0,27,14]]}
["窗帘清单"]
["序号","楼层","区域","产品名称","参照图","材质","规格(W*D*H)mm","单位","数量","房间数","总数","平方数/件","单价","总价","备注"]
["B1","一层","西餐厅","折叠帘",null,"优质面料\n品牌金属配件+皮革装饰","5000*H4320","组",1,1,{"$f":"J3*I3","v":1},{"$f":"5*4.32","v":21.6},null,{"$f":"M3*K3","v":0}]
["B2","一层","西餐厅","折叠帘",null,"优质面料\n品牌金属配件+皮革装饰","6800*H4320","组",3,1,3,{"$f":"6.8*4.32","v":29.376},null,{"$f":"M4*K4","v":0}]
["B3","一层","西餐厅","折叠帘",null,"优质面料\n品牌金属配件+皮革装饰","10000*H4320","组",1,1,1,{"$f":"10*4.32","v":43.2},null,0]
["B4","三层","中餐厅","折叠帘",null,"优质面料\n品牌配件","6550*H3650       7400*H3650        7200*H3650","组",1,1,1,{"$f":"(6.55+7.4+7.2)*3.65","v":77.1975},null,0]
["B5","三层","大包厢18位","窗帘+窗纱",null,"主布面料：棉麻混纺；遮光100%  纱帘面料：混纺；40%通透率  窗帘褶皱:2倍，底部褶皱边宽度100mm，收边宽度3mm.底边距地10mm，窗帘底边加铅。","5033*H4200       7700*H4200      7800*H4200       2400*H4200","组",1,1,1,{"$f":"(5.033+7.7+7.8+2.4)*4.2","v":96.3186},null,0]
["B6","三层",null,"卷帘",null,"优质面料\n品牌配件","2500*H3000","组",1,1,1,{"$f":"2.5*3","v":7.5},null,0]
["B7","三层","中包厢1、2、3（12位）4（16位）","窗帘+窗纱",null,"主布面料：棉麻混纺；遮光100%  纱帘面料：混纺；40%通透率  窗帘褶皱:2倍，底部褶皱边宽度100mm，收边宽度3mm.底边距地10mm，窗帘底边加铅。","6800*H3900      6800*H3900       6800*H3900      6900*H3900      8900*H3900","组",1,1,1,{"$f":"(6.8*3+6.9+8.9)*3.9","v":141.18},null,0]
["B8","三层",null,"卷帘",null,"优质面料\n品牌配件","3830*H3000","组",1,1,1,{"$f":"3.83*3","v":11.49},null,0]
["B9","三层","中餐厅包厢","窗帘+窗纱",null,"主布面料：棉麻混纺；遮光100%  纱帘面料：混纺；40%通透率  窗帘褶皱:2倍，底部褶皱边宽度100mm，收边宽度3mm.底边距地10mm，窗帘底边加铅。","4700*H3500","组",1,1,1,{"$f":"4.7*3.5","v":16.45},null,0]
["B10","四层","休息区","窗帘+窗纱",null,"主布面料：棉麻混纺；遮光100%  纱帘面料：混纺；40%通透率  窗帘褶皱:2倍，底部褶皱边宽度100mm，收边宽度3mm.底边距地10mm，窗帘底边加铅。","（12980+3220+3890+3290+3590+3790+3640+4965+2405+2360+2025）*H3300","组",1,1,1,{"$f":"(12.98+3.22+3.89+3.29+3.59+3.79+3.64+4.965+2.405+2.36+2.025)*3.3","v":152.3115},null,0]
["B11","五~十层","02双床房（每层6间）","电动窗帘+窗纱",null,"主布面料：棉麻混纺；遮光100%  纱帘面料：混纺；40%通透率  窗帘褶皱:2倍，底部褶皱边宽度100mm，收边宽度3mm.底边距地10mm，窗帘底边加铅。","3650*H3000","组",1,36,{"$f":"J13*I13","v":36},{"$f":"3.65*3","v":10.95},null,0,"轨道——优质品牌轨道\n吊轨滑动畅顺自如,在导轨倾斜角度≤15°时,吊轨能顺畅滑落\n吊轮单个承重≥20kg\n轮片 30000 次测试无磨损\n油漆厚度≥19μm\n每米成品承重≥50kg\n窗帘挂钩：表面采用行业先进电泳处理,钩可承载重量≥10kg，耐力强，拆装方便，不易变形，不生锈。\n电机——杜亚电机（同等功能或以上品牌）\n额定扭矩：1.2N.m           \n打开关闭速度：14cm/sec\n连续工作时间：4min\n防护等级：40IP       \n内置无线接收器，具有电子行程限位，恢复出厂设置，外接开关功能。可以接弱电，可以遥控器双控制。布和纱出厂前做高温定型处理"]
["B12","五~十层","03大床房（五层10间，六~十层每层12间）","电动窗帘+窗纱",null,"主布面料：棉麻混纺；遮光100%  纱帘面料：混纺；40%通透率  窗帘褶皱:2倍，底部褶皱边宽度100mm，收边宽度3mm.底边距地10mm，窗帘底边加铅。","3650*H3000","组",1,70,70,{"$f":"3.65*3","v":10.95},null,0]
["B13","五~十层","04残疾人大床房（五层2间）","电动窗帘+窗纱",null,"主布面料：棉麻混纺；遮光100%  纱帘面料：混纺；40%通透率  窗帘褶皱:2倍，底部褶皱边宽度100mm，收边宽度3mm.底边距地10mm，窗帘底边加铅。","3650*H3000","组",1,2,2,{"$f":"3.65*3","v":10.95},null,0]
["B14","五层","电梯厅/过道","窗帘+窗纱",null,"主布面料：棉麻混纺；遮光100%  纱帘面料：混纺；40%通透率  窗帘褶皱:2倍，底部褶皱边宽度100mm，收边宽度3mm.底边距地10mm，窗帘底边加铅。","3600*H3000      1600*H3000      1600*H3000","组",1,1,1,{"$f":"(3.6+1.6+1.6)*3","v":20.4},null,0]
["B15","六~十层","电梯厅/过道","窗帘+窗纱",null,"主布面料：棉麻混纺；遮光100%  纱帘面料：混纺；40%通透率  窗帘褶皱:2倍，底部褶皱边宽度100mm，收边宽度3mm.底边距地10mm，窗帘底边加铅。","2600*H3000      1600*H3000      1600*H3000","组",1,5,5,{"$f":"(2.6+1.6+1.6)*3","v":17.4},null,0]
["B16","11层","过道","窗帘+窗纱",null,"主布面料：棉麻混纺；遮光100%  纱帘面料：混纺；40%通透率  窗帘褶皱:2倍，底部褶皱边宽度100mm，收边宽度3mm.底边距地10mm，窗帘底边加铅。","3700*H3000\n1600*H3000\n1850*H3000\n3350*H3000","组",1,1,1,{"$f":"(3.7+1.6+1.85+3.35)*3","v":31.5},null,0]
["B17","11层\n(每层7间)","套房","电动窗帘+窗纱",null,"主布面料：棉麻混纺；遮光100%  纱帘面料：混纺；40%通透率  窗帘褶皱:2倍，底部褶皱边宽度100mm，收边宽度3mm.底边距地10mm，窗帘底边加铅。","3700*H3000","组",2,7,14,{"$f":"3.7*3","v":11.1},null,0,"轨道——优质品牌轨道\n吊轨滑动畅顺自如,在导轨倾斜角度≤15°时,吊轨能顺畅滑落\n吊轮单个承重≥20kg\n轮片 30000 次测试无磨损\n油漆厚度≥19μm\n每米成品承重≥50kg\n窗帘挂钩：表面采用行业先进电泳处理,钩可承载重量≥10kg，耐力强，拆装方便，不易变形，不生锈。\n电机——杜亚电机（同等功能或以上品牌）\n额定扭矩：1.2N.m           \n打开关闭速度：14cm/sec\n连续工作时间：4min\n防护等级：40IP       \n内置无线接收器，具有电子行程限位，恢复出厂设置，外接开关功能。可以接弱电，可以遥控器双控制。布和纱出厂前做高温定型处理"]
["B18","11层\n(每层1间)","套房","电动窗帘+窗纱",null,"主布面料：棉麻混纺；遮光100%  纱帘面料：混纺；40%通透率  窗帘褶皱:2倍，底部褶皱边宽度100mm，收边宽度3mm.底边距地10mm，窗帘底边加铅。","4150*H3000\n3720*H3000","组",1,1,1,{"$f":"(4.15+3.72)*3","v":23.61},null,0]
["B19","11层\n(每层1间)","大套房","电动窗帘+窗纱",null,"主布面料：棉麻混纺；遮光100%  纱帘面料：混纺；40%通透率  窗帘褶皱:2倍，底部褶皱边宽度100mm，收边宽度3mm.底边距地10mm，窗帘底边加铅。","6900*H3000\n3800*H3000\n3000*H3000\n3600*H3000","组",1,1,1,{"$f":"(6.9+3.8+3+3.6)*3","v":51.9},null,0]
["B20","12-18层","过道","窗帘+窗纱",null,"主布面料：棉麻混纺；遮光100%  纱帘面料：混纺；40%通透率  窗帘褶皱:2倍，底部褶皱边宽度100mm，收边宽度3mm.底边距地10mm，窗帘底边加铅。","3700*H3000\n1600*H3000\n7300*H3000","组",1,7,7,{"$f":"(3.7+7.3+1.6)*3","v":37.8},null,0]
["B21","12-18层(每层8间)","公寓","窗帘+窗纱",null,"主布面料：棉麻混纺；遮光100%  纱帘面料：混纺；40%通透率  窗帘褶皱:2倍，底部褶皱边宽度100mm，收边宽度3mm.底边距地10mm，窗帘底边加铅。","3700*H3000","组",2,56,{"$f":"J23*I23","v":112},{"$f":"3.7*3","v":11.1},null,0]
["B22","12-18层(每层1间)","公寓","窗帘+窗纱",null,"主布面料：棉麻混纺；遮光100%  纱帘面料：混纺；40%通透率  窗帘褶皱:2倍，底部褶皱边宽度100mm，收边宽度3mm.底边距地10mm，窗帘底边加铅。","6400*H3000","组",1,7,7,{"$f":"6.4*3","v":19.2},null,0]
["B23","12-18层(每层1间)","公寓","窗帘+窗纱",null,"主布面料：棉麻混纺；遮光100%  纱帘面料：混纺；40%通透率  窗帘褶皱:2倍，底部褶皱边宽度100mm，收边宽度3mm.底边距地10mm，窗帘底边加铅。","3000*H3000","组",1,7,7,{"$f":"3*3","v":9},null,0]
["B24","12-18层(每层1间)","公寓","窗帘+窗纱",null,"主布面料：棉麻混纺；遮光100%  纱帘面料：混纺；40%通透率  窗帘褶皱:2倍，底部褶皱边宽度100mm，收边宽度3mm.底边距地10mm，窗帘底边加铅。","2000*H3000","组",1,7,7,{"$f":"6","v":6},null,0]
["合计",{"$nulls":9},{"$f":"SUM(K3:K26)","v":283},null,null,{"$f":"SUM(N3:N26)","v":0}]
["说明:1、清单尺寸为施工图测量尺寸，实际尺寸会根据现场实际测量尺寸进行调整，以最终摆放尺寸为准。\n2、上述各产品的款式、材质、规格、数量等供参考，投标人需按采购人结合现场情况和经营需要最终确定的产品、数量生产、供货。\n3、清单中的平方数为窗户面积，布帘按照不少于1:2制作，布帘制作需包裹白布头，加窗帘高温定型处理。\n4.布帘宽度综合考虑左右各增加不少于40cm，具体情况以现场测定条件为准，需做到两边不漏光。\n5.布帘高度综合考虑现场安装条件增加用料高度，做到脚边不光，尺寸以现场为准。"]

{"sheet":"C地毯","index":3,"n_rows":12,"n_cols":14,"rows_kept":12,"merged":[[0,0,0,13],[10,0,10,6],[11,0,11,13]]}
["地毯清单"]
["序号","楼层","区域","产品名称","参照图","材质","规格(W*D*H)mm","单位","数量","房间数","总量","单价","总价","备注"]
["C1","一层","大堂摆桌区","活动地毯",null,"1.品名：手工羊毛枪刺地毯\n2.纱线成份：羊毛混纺\n3.制作工艺：（以深化设计为准）\n4.尺寸：实地测量为准\n5.磅重：5.5磅\n6.毯面毛高：10MM±1MM\n7.密度：10cm/26x26\n8.首层底布： 100%棉质编织底布\n9.二层底布： 35%棉/65%腈纶\n10.隔距：1/8C\n11.阻燃性：B1级\n12.环保性：符合GB18587-2001A\n13.底背材料：100%棉质编织底布","直径6000","平方米",36,1,{"$f":"J3*I3","v":36},null,{"$f":"L3*K3","v":0}]
["C2","一层","大堂沙发区","活动地毯",null,"1.品名：手工羊毛枪刺地毯\n2.纱线成份：羊毛混纺\n3.制作工艺：（以深化设计为准）\n4.尺寸：实地测量为准\n5.磅重：5.5磅\n6.毯面毛高：10MM±1MM\n7.密度：10cm/26x26\n8.首层底布： 100%棉质编织底布\n9.二层底布： 35%棉/65%腈纶\n10.隔距：1/8C\n11.阻燃性：B1级\n12.环保性：符合GB18587-2001A\n13.底背材料：101%棉质编织底布","4000*6000","平方米",24,1,24,null,{"$f":"L4*K4","v":0}]
["C3","二层","宴会厅","满铺毯",null,"1.品种：1200克尼龙印花满铺毯\n2.纱线成份：100%尼龙\n3.颜色、规格：工程定制\n4.克重：1200克\n5.染料：hunsman \n6.股纱捻度：200捻\n7.染色方式：白坯毯印花\n8.实地测量为准\n9.毯面毛高：8mm  \n10.针距：1/8C\n11.每10厘米针数：50/10CM\n12.阻燃性：B1级[试验方法按GB8624-2006《建筑材料及其制品燃烧性能分级》执行]\n13.磨损度：≥5级\n14.底背材料：羧基丁苯胶乳   新色蓝色纱罗布\n\n","25530*16330","平方米",417,1,417,null,0]
["C4","三层","大包厢18位","活动地毯",null,"1.品种：1200克尼龙印花满铺毯\n2.纱线成份：100%尼龙\n3.颜色、规格：工程定制\n4.克重：1200克\n5.染料：hunsman \n6.股纱捻度：200捻\n7.染色方式：白坯毯印花\n8.实地测量为准\n9.毯面毛高：8mm  \n10.针距：1/8C\n11.每10厘米针数：50/10CM\n12.阻燃性：B1级[试验方法按GB8624-2006《建筑材料及其制品燃烧性能分级》执行]\n13.磨损度：≥5级\n15.底背材料：羧基丁苯胶乳   新色蓝色纱罗布\n\n","11430*6650","平方米",{"$f":"11.43*6.65","v":{"v":76.0095,"d":"76"}},1,76.0095,null,0]
["C5","11层\n(每层1间)","套房","活动地毯",null,"1.品名：手工羊毛枪刺地毯\n2.纱线成份：羊毛混纺\n3.制作工艺：（以深化设计为准）\n4.尺寸：实地测量为准\n5.磅重：5.5磅\n6.毯面毛高：10MM±1MM\n7.密度：10cm/26x26\n8.首层底布： 100%棉质编织底布\n9.二层底布： 35%棉/65%腈纶\n10.隔距：1/8C\n11.阻燃性：B1级\n12.环保性：符合GB18587-2001A\n13.底背材料：104%棉质编织底布","3500*2700","平方米",{"$f":"3.5*2.7","v":9.45},1,9.45,null,0]
["C6","11层\n(每层7间)","套房","活动地毯",null,"1.品名：手工羊毛枪刺地毯\n2.纱线成份：羊毛混纺\n3.制作工艺：（以深化设计为准）\n4.尺寸：实地测量为准\n5.磅重：5.5磅\n6.毯面毛高：10MM±1MM\n7.密度：10cm/26x26\n8.首层底布： 100%棉质编织底布\n9.二层底布： 35%棉/65%腈纶\n10.隔距：1/8C\n11.阻燃性：B1级\n12.环保性：符合GB18587-2001A\n13.底背材料：105%棉质编织底布","2700*2700","平方米",{"$f":"2.7*2.7","v":7.29},7,51.03,null,0]
["C7","12-18层(每层7间)","公寓","活动地毯",null,"1.品名：手工羊毛枪刺地毯\n2.纱线成份：羊毛混纺\n3.制作工艺：（以深化设计为准）\n4.尺寸：实地测量为准\n5.磅重：5.5磅\n6.毯面毛高：10MM±1MM\n7.密度：10cm/26x26\n8.首层底布： 100%棉质编织底布\n9.二层底布： 35%棉/65%腈纶\n10.隔距：1/8C\n11.阻燃性：B1级\n12.环保性：符合GB18587-2001A\n13.底背材料：106%棉质编织底布","2200*2850","平方米",{"$f":"2.2*2.85","v":6.27},49,307.23,null,0]
["C8","12-18层(每层1间)","公寓","活动地毯",null,"1.品名：手工羊毛枪刺地毯\n2.纱线成份：羊毛混纺\n3.制作工艺：（以深化设计为准）\n4.尺寸：实地测量为准\n5.磅重：5.5磅\n6.毯面毛高：10MM±1MM\n7.密度：10cm/26x26\n8.首层底布： 100%棉质编织底布\n9.二层底布： 35%棉/65%腈纶\n10.隔距：1/8C\n11.阻燃性：B1级\n12.环保性：符合GB18587-2001A\n13.底背材料：107%棉质编织底布","2700*2850","平方米",{"$f":"2.7*2.85","v":7.695},7,53.865,null,0]
["合计",{"$nulls":9},{"$f":"SUM(K3:K10)","v":{"v":974.5845,"d":"975"}},null,{"$f":"SUM(M3:M10)","v":0}]
["说明:1、清单尺寸为施工图测量尺寸，实际尺寸会根据现场实际测量尺寸进行调整，以最终摆放尺寸为准。2、上述各产品的款式、材质、规格、数量等供参考，投标人需按采购人结合现场情况和经营需要最终确定的产品、数量生产、供货。"]

{"sheet":"D布草","index":4,"n_rows":37,"n_cols":14,"rows_kept":37,"merged":[[0,0,0,13],[16,1,16,2],[19,1,19,2],[20,1,20,2],[21,1,21,2],[24,1,24,2],[27,1,27,2],[28,1,28,2],[29,1,29,2],[30,1,30,2],[31,1,31,2],[32,1,32,2],[33,1,33,2],[34,1,34,2],[35,0,35,6],[36,0,36,13]]}
["布草清单"]
["序号","楼层","区域","产品名称","参照图","材质","规格(W*D*H)mm","单位","数量","房间数","总数","单价","总价","备注"]
["D1","二层","宴会厅","会议桌桌布",null,"优质混纺材料","桌子尺寸1830*450*H750","件",160,1,{"$f":"J3*I3","v":160},null,{"$f":"L3*K3","v":0},"常规品牌，台布要2种颜色，具体颜色的数量以采购人实际确认的为准"]
["D2","二层","宴会厅","会议桌围裙",{"$f":"_xlfn.DISPIMG(\"ID_20DE01649F6146CC9ED844E85A7247DB\",1)","v":"=DISPIMG(\"ID_20DE01649F6146CC9ED844E85A7247DB\",1)"},"70%化纤，30%棉，亚光","10米长","条",15,1,15,null,0]
["D3","二层","宴会厅","十人折叠桌桌布",null,"优质贡缎","桌子直径1830","件",120,1,120,null,0,"常规品牌，台布要3种颜色，具体颜色的数量以采购人实际确认的为准"]
["D4","二层","宴会厅","钢管椅椅套",null,"涤棉","常规尺寸","件",350,1,350,null,0,"常规品牌，有弹性"]
["D5","二层","宴会厅","单椅椅套",null,"涤棉","常规尺寸","件",3,1,3,null,0,"常规品牌，有弹性"]
["D6","三层",null,"十二人折叠桌桌布",null,"优质贡缎","桌子尺寸\nD2800*H750","件",6,1,6,null,0,"常规品牌，台布要3种颜色，具体颜色的数量以采购人实际确认的为准"]
["D7","三层","中包厢4（16位）","大圆桌桌布",null,"优质贡缎","桌子尺寸D3200*H750","件",6,1,6,null,0,"常规品牌，台布要3种颜色，具体颜色的数量以采购人实际确认的为准"]
["D8","五~十层","02双床房（每层6间）","床品",null,"床单：涤棉（20/80)精梳纱，60S*60S，密度173*156白色贡缎，通过 OEKOTEX STANDARD 100 环保认证，叠边处加绿色线区分，定做尺寸标。  \n被套：白色全棉大提花，花型为羽毛花60S*80S/173*（115+115），底部加5cm重叠部分，尾部2/3开口，其它不留边。定做尺寸标，底部打带颜色的线区分。    枕套：白色全棉大提花，花型为羽毛花60S*80S/173*（115*115），信封式，背后三分之一处开口，重叠部分长13cm。","1200*2000","组",{"$f":"2*3","v":6},36,216,null,0,"常规品牌"]
["D9","五~十层","03大床房（五层10间，六~十层每层12间）","床品",null,"床单：涤棉（20/80)精梳纱，60S*60S，密度173*156白色贡缎，通过 OEKOTEX STANDARD 100 环保认证，叠边处加绿色线区分，定做尺寸标。   被套：白色全棉大提花，花型为羽毛花60S*80S/173*（115+115），底部加5cm重叠部分，尾部2/3开口，其它不留边。定做尺寸标，底部打带颜色的线区分。    枕套：白色全棉大提花，花型为羽毛花60S*80S/173*（115*115），信封式，背后三分之一处开口，重叠部分长13cm。","1800*2000","组",{"$f":"1*3","v":3},70,210,null,0,"常规品牌"]
["D10","五~十层","04残疾人大床房（五层2间）","床品",null,"床单：涤棉（20/80)精梳纱，60S*60S，密度173*156白色贡缎，通过 OEKOTEX STANDARD 100 环保认证，叠边处加绿色线区分，定做尺寸标。   被套：白色全棉大提花，花型为羽毛花60S*80S/173*（115+115），底部加5cm重叠部分，尾部2/3开口，其它不留边。定做尺寸标，底部打带颜色的线区分。    枕套：白色全棉大提花，花型为羽毛花60S*80S/173*（115*115），信封式，背后三分之一处开口，重叠部分长13cm。","1800*2000","组",3,2,6,null,0,"常规品牌"]
["D11","11层","大套房","床品",null,"床单：涤棉（20/80)精梳纱，60S*60S，密度173*156白色贡缎，通过 OEKOTEX STANDARD 100 环保认证，叠边处加绿色线区分，定做尺寸标。   被套：白色全棉大提花，花型为羽毛花60S*80S/173*（115+115），底部加5cm重叠部分，尾部2/3开口，其它不留边。定做尺寸标，底部打带颜色的线区分。    枕套：白色全棉大提花，花型为羽毛花60S*80S/173*（115*115），信封式，背后三分之一处开口，重叠部分长13cm。","1500*2000","组",3,1,3,null,0,"常规品牌"]
["D12","11层(每层8间)","套房/大套房","床品",null,"床单：涤棉（20/80)精梳纱，60S*60S，密度173*156白色贡缎，通过 OEKOTEX STANDARD 100 环保认证，叠边处加绿色线区分，定做尺寸标。   被套：白色全棉大提花，花型为羽毛花60S*80S/173*（115+115），底部加5cm重叠部分，尾部2/3开口，其它不留边。定做尺寸标，底部打带颜色的线区分。    枕套：白色全棉大提花，花型为羽毛花60S*80S/173*（115*115），信封式，背后三分之一处开口，重叠部分长13cm。","1800*2000","组",3,8,24,null,0,"常规品牌"]
["D13","五~十层双床房每层6间",null,"羽绒被芯厚(1.2*2m)",null,"羽绒被芯：\n白色40支T233防羽绒布面料，要求防绒、防水，防油，透气，耐污染，符合防过敏标准并增加标签注明；80%白鹅绒，20%细毛片， 充绒200克/平方。绿色环保认证，制作工艺按照中国最新标准执行。执行GB/T17685-2016，定做尺寸标","1200*2000","张",2,36,{"$f":"I15*J15","v":72},null,0,"参考品牌：康乃馨、斯得福、红金顶"]
["D14","11层大套房1间",null,"羽绒被芯厚(1.5*2m)",null,"羽绒被芯：\n白色40支T233防羽绒布面料，要求防绒、防水，防油，透气，耐污染，符合防过敏标准并增加标签注明；80%白鹅绒，20%细毛片， 充绒200克/平方。绿色环保认证，制作工艺按照中国最新标准执行。执行GB/T17685-2016，定做尺寸标","1500*2000","张",1,1,1,null,0,"参考品牌：康乃馨、斯得福、红金顶"]
["D15","五层大床房10间，六~十层大床房每层12间，五层残疾人大床房2间，11层套房8间",null,"羽绒被芯厚(1.8*2m)",null,"羽绒被芯：\n白色40支T233防羽绒布面料，要求防绒、防水，防油，透气，耐污染，符合防过敏标准并增加标签注明；80%白鹅绒，20%细毛片， 充绒200克/平方。绿色环保认证，制作工艺按照中国最新标准执行。执行GB/T17685-2016，定做尺寸标","1800*2000","张",1,80,80,null,0,"参考品牌：康乃馨、斯得福、红金顶"]
["D16","五~十层双床房每层6间",null,"羽绒被芯薄(1.2*2m)",null,"羽绒被芯：\n白色40支T233防羽绒布面料，要求防绒、防水，防油，透气，耐污染，符合防过敏标准并增加标签注明；80%白鹅绒，20%细毛片， 充绒100克/平方。绿色环保认证，制作工艺按照中国最新标准执行。执行GB/T17685-2016，定做尺寸标","1200*2000","张",2,36,72,null,0,"参考品牌：康乃馨、斯得福、红金顶"]
["D17","11层大套房1间",null,"羽绒被芯薄(1.5*2m)",null,"羽绒被芯：\n白色40支T233防羽绒布面料，要求防绒、防水，防油，透气，耐污染，符合防过敏标准并增加标签注明；80%白鹅绒，20%细毛片， 充绒100克/平方。绿色环保认证，制作工艺按照中国最新标准执行。执行GB/T17685-2016，定做尺寸标","1500*2000","张",1,1,1,null,0,"参考品牌：康乃馨、斯得福、红金顶"]
["D18","五层大床房10间，六~十层大床房每层12间，五层残疾人大床房2间，11层套房8间",null,"羽绒被芯薄(1.8*2m)",null,"羽绒被芯：\n白色40支T233防羽绒布面料，要求防绒、防水，防油，透气，耐污染，符合防过敏标准并增加标签注明；80%白鹅绒，20%细毛片， 充绒100克/平方。绿色环保认证，制作工艺按照中国最新标准执行。执行GB/T17685-2016，定做尺寸标","1800*2000","张",1,80,80,null,0,"参考品牌：康乃馨、斯得福、红金顶"]
["D19","总房数117间",null,"羽绒枕芯",null,"白色40支T233防羽绒布面料， 含绒量：50%白鹅绒 ，800g。绿色环保认证，制作工艺按照中国最新标准执行。执行GB/T17685-2016\n含枕芯保护套","800*550","个",2,117,234,null,0,"参考品牌：康乃馨、斯得福、红金顶"]
["D20","总房数117间",null,"记忆枕芯",null,"零压记忆枕芯，材质慢回弹海绵，内套冰丝面料，含枕芯保护套，8cm厚","700*450","个",2,117,234,null,0,"参考品牌：康乃馨、斯得福、红金顶"]
["D21","五~十层双床房每层6间",null,"保护垫(1.2*2m)",null,"45S T/C 35/65 110 × 76 面料，电脑衍缝  四角缝3cm宽松紧带，填充重量：140grs./M2 填充材料：高弹纤维定形棉，定做尺寸标","1200*2000","张",2,36,72,null,0,"参考品牌：康乃馨、斯得福、红金顶"]
["D22","11层大套房1间",null,"保护垫(1.5*2m)",null,"45S T/C 35/65 110 × 76 面料，电脑衍缝  四角缝3cm宽松紧带，填充重量：140grs./M2 填充材料：高弹纤维定形棉，定做尺寸标","1500*2000","张",1,1,1,null,0,"参考品牌：康乃馨、斯得福、红金顶"]
["D23","五层大床房10间，六~十层大床房每层12间，五层残疾人大床房2间，11层套房8间",null,"保护垫(1.8*2m)",null,"45S T/C 35/65 110 × 76 面料，电脑衍缝  四角缝3cm宽松紧带，填充重量：140grs./M2 填充材料：高弹纤维定形棉，定做尺寸标","1800*2000","张",1,80,80,null,0,"参考品牌：康乃馨、斯得福、红金顶"]
["D24","五~十层双床房每层6间",null,"床饰布(1.2*2m)",null,"高档装饰面料，包底四绫配款式","1200*2000","条",2,36,72,null,0,"参考品牌：康乃馨、斯得福、红金顶"]
["D25","11层大套房1间",null,"床饰布(1.5*2m)",null,"高档装饰面料，包底四绫配款式","1500*2000","条",1,1,1,null,0,"参考品牌：康乃馨、斯得福、红金顶"]
["D26","五层大床房10间，六~十层大床房每层12间，五层残疾人大床房2间，11层套房8间",null,"床饰布(1.8*2m)",null,"高档装饰面料，包底四绫配款式","1800*2000","条",1,80,80,null,0,"参考品牌：康乃馨、斯得福、红金顶"]
["D27","双床房36间，每间2个\n大床房及套房81间，每间房1个",null,"方抱枕",null,"高档装饰布面料，侧边加拉链，含抱枕芯，连抱枕套","500*500","个",null,null,153,null,0,"参考品牌：康乃馨、斯得福、红金顶"]
["D28","总房数117间，每间2条，3par",null,"浴巾",null,"全棉漂白16支单股平织光身，800g，三针五线缝，定做尺寸标。","1500*800","条",6,117,{"$f":"I30*J30","v":702},null,0,"参考品牌：康乃馨、斯得福、红金顶"]
["D29","总房数117间，每间2条，3par",null,"中巾",null,"全棉漂白16支单股平织光身，180g，三针五线缝边，定做尺寸标。","760*400","条",6,117,702,null,0,"参考品牌：康乃馨、斯得福、红金顶"]
["D30","总房数117间，每间2条，3par",null,"面巾",null,"全棉漂白16支单股平织光身，60g，三针五线缝边，定做尺寸标。","330*330","条",6,117,702,null,0,"参考品牌：康乃馨、斯得福、红金顶"]
["D31","总房数117间，每间2条，3par",null,"地巾",null,"全棉漂白32支双股平织光身，400g，三针五线缝边,定做尺寸标。","800*500","条",6,117,702,null,0,"参考品牌：康乃馨、斯得福、红金顶"]
["D32","11层套房8间，每间2条，3par，备用50条",null,"全棉地垫",null,"全棉编织长绒，900g，定做尺寸标。","800*500","条",null,null,98,null,0,"参考品牌：康乃馨、斯得福、红金顶"]
["D33","总房数117间，每间2条，2par",null,"浴袍",null,"青果领，外层灰色面料（涤纶腈纶混纺超细纤维磨毛布）内层抗静电珊瑚绒210g/㎡，在领子，门襟，袖口加牙条，在正后方缝腰带环2个贴袋 ，腰带五道线缝制， 左胸衣片绣花",1220,"条",4,117,{"$f":"I35*J35","v":468},null,0,"参考品牌：康乃馨、斯得福、红金顶"]
["合计",{"$nulls":9},{"$f":"SUM(K3:K35)","v":5726},null,{"$f":"SUM(M3:M14)","v":0}]
["说明:1、清单尺寸为施工图测量尺寸，实际尺寸会根据现场实际测量尺寸进行调整，以最终摆放尺寸为准。2、上述各产品的款式、材质、规格、数量等供参考，投标人需按采购人结合现场情况和经营需要最终确定的产品、数量生产、供货。3、投标人投标响应的产品质量(品牌和等级)应符合或优于清单中所列的品牌和等级要求。"]

{"sheet":"WpsReserved_CellImgList","index":5,"n_rows":0,"n_cols":0,"rows_kept":0,"hidden":true}